Ciberseguridad, ciberespacio y ciberdelincuencia

Uloženo v:
Podrobná bibliografie
Hlavní autor: Fernández Bermejo, Daniel (Autor)
Další autoři: Martínez Atienza, Gorgonio (autor)
Médium: Kniha
Jazyk:španělština
Vydáno: Pamplona, España Aranzadi SAU 2018
Edice:Estudios
Témata:
Tagy: Přidat tag
Žádné tagy, Buďte první, kdo vytvoří štítek k tomuto záznamu!

MARC

LEADER 00000cam a2200000 a 4500
001 UCC7960
003 CL-VaPUC
005 20210921130036.0
008 190520e20180000sp |||||||||||||||||spa|d
999 |c 374449  |d 374447 
020 |a 9788491971344 
020 |a 9788491972174 
040 |c Pontificia Universidad Católica de Valparaíso 
082 0 4 |a 323.4483 FER 2018  |2 21 
100 0 |a Fernández Bermejo, Daniel  |e author  |9 602695 
245 1 0 |a Ciberseguridad, ciberespacio y ciberdelincuencia 
260 |a Pamplona, España  |b Aranzadi SAU  |c 2018 
300 |a 236 páginas 
440 |a Estudios  |9 856671 
583 |a last modification  |c 20190520 16:29:00  |k Rodrigo Vera 
650 0 |a Derechos civiles  |9 255655 
650 7 |a MANEJO DE INFORMACION  |2 CL-VaPUC  |9 525292 
650 7 |a INFORMACION PRIVILEGIADA  |2 CL-VaPUC  |9 492914 
650 7 |a INFORMACION RESERVADA  |2 CL-VaPUC  |9 522296 
700 |a Martínez Atienza, Gorgonio  |e autor  |9 602696 
852 |a BIBDER 
942 |c BK  |2 ddc 
945 |d 20190520 16:29:00  |a dcastane 
952 |0 0  |1 0  |3 erb  |4 0  |6 323_448300000000000_FER_2018  |7 0  |8 A  |9 492975  |a BIBDER  |b BIBDER  |d 2019-05-09  |e 2  |g 43179.00  |i 5549698  |l 7  |m 8  |o 323.4483 FER 2018  |p 5549698  |r 2024-11-27  |s 2024-10-24  |w 2019-11-24  |y BK  |z Catalogado en:20190520  |k DER